000 01582nam a2200301Ia 4500
003 OSt
005 20200909213800.0
008 191128s2014 ck ao fr 000 0 spa d
020 _a9789585816763
_qv.4
040 _aCO-JMCR
_cCO-JMCR
041 0 _aspa
082 0 4 _a364.15 /
_bC397b
_223
110 2 _aCentro Nacional de Memoria Histórica
_910077
245 1 0 _aBalance de la acción del estado Colombiano frente a la desaparición forzada de personas /
_cCentro Nacional de Memoria Histórica
250 _aPrimera edición
260 _aBogotá :
_bCentro de Memoria Histórica,
_c2014
300 _a217 páginas :
_bfotografías a blanco y negro ;
_c23 cm.
500 _aInforme del centro nacional de memoria histórica"--tapa
504 _aBibliografía: páginas 191-209
505 0 _aLos derechos de las víctimas y las obligaciones del Estado -- Balance de la acción del Estado frente al derecho a no ser víctima de desaparición forzada -- Balance de la acción del Estado frente al derecho a la búsqueda de los desaparecidos forzadamente
520 3 _a¿Ha sido eficaz el Estado colombiano para combatir, prevenir y sancionar a los responsables de un crimen contra la humanidad como la desaparición forzada de personas?.
650 1 4 _aPersonas desaparecidas
_zColombia
_910078
650 1 4 _aPersonas desaparecidas
_xresponsabilidad del Estado
_zColombia
_910087
650 1 4 _aDelitos contra la persona
_zColombia
_910088
650 1 4 _aConflicto armado
_zColombia
_98340
650 1 4 _aAcción del Estado
_x(Derechos civiles)
_910089
942 _2ddc
_cBK
999 _c4021
_d4021